Maneater - Nelly Furtado - All Lyrics - Statistics

General Stats
  • This quiz has been taken 129 times
  • The average score is 389 of 516
Answer Stats
Answer % Correct
a
97%
ah-ah
97%
ah-ah,
97%
Ah-ah-ah
97%
ah-oh
97%
(Oh)
97%
oh
97%
(Oh,
97%
oh,
97%
oh)
97%
Oh-ah-oh
97%
oh-oh-ah
97%
Oh-oh-oh
97%
yeah
97%
I
94%
you
94%
You
94%
you,
94%
Maneater,
91%
maneater,
91%
maneater
91%
she
91%
All
88%
all
88%
make
88%
Make
88%
me,
88%
me
88%
at
85%
ever
85%
She's
85%
her
84%
when
84%
When
84%
work
84%
look
82%
your
82%
for?
81%
for
81%
hard
81%
hard,
81%
love
79%
the
79%
never
78%
Come
76%
come
76%
on,
76%
on
76%
be
75%
Everybody
75%
everybody,
75%
in
75%
see
75%
around
72%
met
72%
want
72%
it
70%
wish
70%
like
69%
Like
69%
walk
69%
what
69%
wanna
67%
of
66%
get
64%
knees,
64%
knees
64%
people,
63%
with
63%
fall
61%
to
61%
And
60%
can
60%
crazy
60%
door,
58%
spend
58%
here
57%
Move
57%
start
57%
body
55%
by
55%
you'd
55%
if
54%
jump
54%
crack
51%
handle
51%
passion
49%
seen
49%
screaming
48%
talks,
48%
talks
48%
walks,
48%
walks
48%
cut
46%
Even
46%
side
46%
nympho
45%
or
45%
either
43%
girl
42%
time
42%
keep
40%
this)
40%
this,
40%
this
40%
been
39%
cards,
39%
cars
39%
real
39%
(I've
37%
said
37%
Because,
36%
No,
36%
world,
36%
long
34%
means
34%
anything
33%
buy
33%
doin'
33%
ain't
31%
boy,
31%
somethin',
31%
asks
30%
necks
22%
No matching quizzes found
Score Distribution
Percent of People with Each Score
Percentile by Number Answered
Your Score History
You have not taken this quiz